000 00821nam a2200217 i 4500
001 bg
100 1 _aSZAWŁOWSKI, Ryszard
245 1 0 _aNajwyższe państwowe organy kontroli w Polsce w XIX wieku :
_bGłówna Izba Obrachunkowa Księstwa Warszawskiego oraz Izba Obrachunkowa i Najwyższa Izba Obrachunkowa Królestwa Polskiego, lata 1808-1866 /
_cRyszard Szawłowski.
260 _aWarszawa :
_b"Bellona",
_c1999.
300 _a389, [1] s., [8] s. tabl. :
_bfaks., fot., 2 mapy, portr., err, ;
_c24 cm.
500 _aStreszcz. ang.
504 _aBibliogr. s. 260-269.
650 9 _aKontrola państwowa
_xhistoria
_zPolska
_y19 w.
020 _a8311089310
040 _cBPK
041 0 _apol
_beng
080 _a351.9(438)"18"
920 _a83-11-08931-0
942 _cKS
008 s pl f |000 0 pol
999 _c44762
_d44762
856 _uhttp://koha.tu.koszalin.pl/cgi-bin/koha/opac-detail.pl?biblionumber=44762
_yKatalog online BPK